[Event "Regency Masters 3rd"]
[Site "Ramsgate"]
[Date "1981.12.12"]
[Round "8.9"]
[White "Kenworthy, Gary"]
[Black "Van der Sterren, Paul"]
[Result "1-0"]
[WhiteElo "2245"]
[BlackElo "2420"]
[Annotator "Barden, Leonard"]
[PlyCount "27"]
[EventDate "1981.12.05"]
[EventType "swiss"]
[EventRounds "9"]
[EventCountry "ENG"]
[SourceTitle "BritBase"]
[Source "John Saunders"]
[SourceDate "2020.09.07"]
[SourceVersion "1"]
[SourceVersionDate "2020.09.07"]
[SourceQuality "2"]

1. e4 e5 2. Nc3 Nf6 3. Nf3 Nc6 4. d4 exd4 5. Nd5 Nxe4 6. Bc4 Be7 7. Nxd4 $1 ({
Theory gives only} 7. O-O O-O {when White's compensation is insufficient.})
7... O-O 8. Nb5 $1 {This leads to wild complications which Kenworthy and his
club colleagues at London Centymca have analysed in depth.} Bb4+ 9. c3 Nxf2 10.
Qh5 $1 ({Hoping for} 10. Kxf2 $2 Qh4+) 10... Nxh1 11. cxb4 Nxb4 {Another
tactical shot (12 Nxb4 Qe7+) but White is ready.} ({Stockfish 14 (2021) finds} 
11... Re8+ $3 12. Kf1 Re5 {when White's tactical tricks don't work and Black
wins. It turns out that White's 10 Kxf2? was actually 10 Kxf2! - objectively
the best move. JS}) 12. Bg5 $1 Re8+ 13. Kf1 Re5 (13... f6 14. Nxf6+ {is
hopeless}) ({while if} 13... g6 14. Qh4 {wins.}) 14. Re1 $1 {Sources: bulletin;
The Guardian, 19 December 1981; BCM, April 1982, p150} (14. Re1 {For if} Rxe1+
(14... Rxg5 15. Qxg5 $1) 15. Kxe1 Qe8+ 16. Ne7+ Kf8 (16... Kh8 17. Bxf7) 17.
Nxc7 {. An elegant miniature destined for a world tour of chess magazines,
columns and anthologies.}) 1-0

[Event "Regency Masters 3rd"]
[Site "Ramsgate"]
[Date "1981.12.12"]
[Round "8.10"]
[White "Casa, Alex"]
[Black "Jacobs, Byron A"]
[Result "1-0"]
[WhiteElo "2235"]
[BlackElo "2245"]
[PlyCount "105"]
[EventDate "1981.12.05"]
[EventType "swiss"]
[EventRounds "9"]
[EventCountry "ENG"]
[SourceTitle "BritBase"]
[Source "John Saunders"]
[SourceDate "2020.09.07"]
[SourceVersion "1"]
[SourceVersionDate "2020.09.07"]
[SourceQuality "2"]

1. e4 e5 2. Nf3 Nc6 3. d4 exd4 4. c3 dxc3 5. Bc4 Nf6 6. Nxc3 d6 7. Qb3 Qd7 8.
Ng5 Ne5 9. Bb5 c6 10. f4 Neg4 11. h3 cxb5 12. hxg4 b4 13. Nd5 Nxd5 (13... b6)
14. Qxd5 h6 15. f5 $1 (15. Bd2 Rg8 16. Nf3 Qxg4 17. Kf2 Be7 18. Rac1 Qe6 19.
Qd3 Bd7 20. Rhe1 {Kennedy,W-Pupols,V, Las Vegas 1975 (1-0, 31)}) 15... Rg8 16.
Nf3 Qc6 17. Qd3 b5 18. Bd2 (18. Bf4 $16) 18... Bb7 19. O-O Qc4 20. Qxc4 bxc4
21. Bxb4 Kd7 22. Rfe1 Re8 23. Nd2 g6 24. Kf2 Bg7 25. Rad1 Bd4+ 26. Kf3 gxf5 27.
gxf5 Re5 28. g4 Rge8 29. Kg3 Bxe4 30. Nxc4 Rd5 31. Kf4 (31. Bxd6 $5) 31... Bc2
32. Rxe8 Kxe8 33. Rd2 Be5+ 34. Ke3 Rxd2 35. Kxd2 $11 Bb1 36. Nxd6+ Bxd6 37.
Bxd6 Bxa2 38. Bf4 h5 39. gxh5 Bb1 40. f6 Kd7 41. Bh6 Ke6 42. Bg7 Kf5 43. Kc3
Kg5 44. h6 Kg6 45. Kc4 Kh7 46. b4 Kg8 47. b5 Bc2 48. Kb4 Bd3 49. Ka5 Be2 $4 (
49... Be4 $11) 50. Bf8 $3 $18 Kh7 (50... Kxf8 51. h7 $18) 51. Bc5 Kg6 52. Bxa7
Kxf6 53. Be3 1-0

[Event "Regency Masters 3rd"]
[Site "Ramsgate"]
[Date "1981.12.12"]
[Round "8.11"]
[White "Britton, Richard L"]
[Black "Lee, Graham D"]
[Result "1-0"]
[WhiteElo "2295"]
[BlackElo "2360"]
[PlyCount "83"]
[EventDate "1981.12.05"]
[EventType "swiss"]
[EventRounds "9"]
[EventCountry "ENG"]
[SourceVersionDate "2021.08.26"]

1. e4 e6 2. d4 d5 3. Nc3 dxe4 4. Nxe4 Nd7 5. Nf3 Ngf6 6. Nxf6+ Nxf6 7. Bd3 b6
8. Bg5 Bb7 9. Qe2 Be7 10. O-O-O O-O 11. Kb1 Qc8 12. Ne5 h6 13. h4 Rd8 14. Rh3
c5 15. dxc5 Qxc5 16. f4 Rac8 17. g4 Rd5 18. Re1 Rd4 19. c3 Rd6 20. f5 Re8 21.
fxe6 Rxe6 22. Bf5 Rxe5 23. Qxe5 Qxe5 24. Rxe5 hxg5 25. hxg5 Bf8 26. gxf6 Rxe5
27. Bh7+ Kh8 28. Be4+ Kg8 29. Bxb7 g5 30. Bc8 Rc5 31. Bf5 Bd6 32. Rd3 Bf8 33.
Rd7 Rc6 34. Rxa7 Rxf6 35. b4 Rc6 36. Kb2 Bd6 37. Kb3 Be5 38. c4 Rf6 39. Re7 Bd6
40. Rd7 Kg7 41. a4 Bg3 42. Rd5 1-0

[Event "Regency Masters 3rd"]
[Site "Ramsgate"]
[Date "1981.12.12"]
[Round "8.12"]
[White "Pytel, Krzysztof"]
[Black "Leverett, Bruce W"]
[Result "1-0"]
[WhiteElo "2400"]
[BlackElo "2245"]
[PlyCount "85"]
[EventDate "1981.12.05"]
[EventType "swiss"]
[EventRounds "9"]
[EventCountry "ENG"]
[SourceVersionDate "2021.08.26"]

1. d4 d5 2. c4 dxc4 3. Nf3 Nf6 4. e3 Bg4 5. Bxc4 e6 6. h3 Bh5 7. Nc3 a6 8. g4
Bg6 9. Ne5 Nbd7 10. Nxg6 hxg6 11. Bf1 c6 12. Bg2 Qc7 13. Bd2 Be7 14. Rc1 Nb6
15. Qb3 O-O-O 16. g5 Nfd5 17. Ne4 Nd7 18. Qa4 N7b6 19. Qc2 Nd7 20. a3 Kb8 21.
b4 f5 22. gxf6 gxf6 23. Nc5 Nxc5 24. bxc5 f5 25. Qa4 Rdf8 26. Rb1 Kc8 27. Bf1
Bd8 28. Bxa6 bxa6 29. Qxa6+ Kd7 30. Rb7 Qxb7 31. Qxb7+ Bc7 32. Qb3 Rb8 33. Qc2
Rb7 34. e4 Nf6 35. d5 Nxe4 36. dxc6+ Kxc6 37. Qa4+ Rb5 38. Qa6+ Bb6 39. cxb6
Nc5 40. Qa7 Rb1+ 41. Ke2 Rxh1 42. Qc7+ Kd5 43. Bb4 1-0

[Event "Regency Masters 3rd"]
[Site "Ramsgate"]
[Date "1981.12.12"]
[Round "8.13"]
[White "Cummings, David H"]
[Black "Plaskett, H James"]
[Result "1/2-1/2"]
[WhiteElo "2310"]
[BlackElo "2410"]
[PlyCount "107"]
[EventDate "1981.12.05"]
[EventType "swiss"]
[EventRounds "9"]
[EventCountry "ENG"]
[SourceVersionDate "2021.08.26"]

1. c4 b6 2. Nf3 Nf6 3. g3 c5 4. Bg2 Bb7 5. O-O e6 6. Nc3 Be7 7. b3 O-O 8. Bb2
d6 9. e3 Nbd7 10. Qe2 a6 11. d3 Qb8 12. e4 Re8 13. Ne1 Ra7 14. f4 Ba8 15. g4 h6
16. g5 hxg5 17. fxg5 Nh7 18. h4 Bf8 19. Nf3 d5 20. Qf2 dxc4 21. bxc4 Bd6 22.
Ne2 b5 23. cxb5 axb5 24. h5 Ne5 25. Nxe5 Bxe5 26. Bxe5 Qxe5 27. g6 Nf6 28. Rac1
Rc8 29. Ng3 fxg6 30. hxg6 Rd7 31. Qe3 c4 32. Bh3 Rcd8 33. Qf4 Qxf4 34. Rxf4
Rxd3 35. Bxe6+ Kf8 36. Rxf6+ Ke7 (36... gxf6 37. Nf5 R8d7 38. Bxd7 Rxd7 39. g7+
Kg8 40. Re1 $11) 37. Rf7+ Kxe6 38. Nf5 Bxe4 39. Nxg7+ Kd5 40. Nh5 Bxg6 41. Nf4+
Kc6 42. Nxg6 Rg3+ 43. Kf1 Rxg6 44. a4 Rd4 45. axb5+ Kxb5 46. Rb7+ Kc5 47. Re7
Kd5 48. Rd7+ Rd6 49. Re7 Rf6+ 50. Ke2 Rb6 51. Rd7+ Kc5 52. Rxd4 Kxd4 53. Rd1+
Kc5 54. Kd2 1/2-1/2

[Event "Regency Masters 3rd"]
[Site "Ramsgate"]
[Date "1981.12.12"]
[Round "8.14"]
[White "Westerinen, Heikki MJ"]
[Black "Nykopp, Jan Michael F"]
[Result "1-0"]
[WhiteElo "2425"]
[BlackElo "2260"]
[PlyCount "145"]
[EventDate "1981.12.05"]
[EventType "swiss"]
[EventRounds "9"]
[EventCountry "ENG"]
[SourceVersionDate "2021.08.26"]

1. e4 c5 2. Nf3 e6 3. d4 cxd4 4. Nxd4 a6 5. Bd3 Nc6 6. Nxc6 bxc6 7. O-O d5 8.
c4 Nf6 9. Nc3 Be7 10. cxd5 cxd5 11. exd5 exd5 12. Qa4+ Bd7 13. Qd4 Be6 14. Na4
O-O 15. Nc5 Qd6 16. Nxe6 fxe6 17. Bf4 Qc5 18. Qe5 Qb6 19. Rae1 Nd7 20. Qxe6+
Qxe6 21. Rxe6 Bf6 22. b4 Bc3 23. Bd6 Rfc8 24. Re7 Nf6 25. Rb1 Rc6 26. Rc7 Rxd6
27. Rxc3 Rb8 28. Rc7 Ne4 29. f3 Ng5 30. Ra7 Rc6 31. Rd7 Ne6 32. Rxd5 Nf4 33.
Rc5 Rd6 34. Bc4+ Kh8 35. g3 Ne6 36. Bxe6 Rxe6 37. Rbc1 Ree8 38. a3 h6 39. Kf2
Rbd8 40. R1c2 Kh7 41. Re2 Rf8 42. Rc3 Rf7 43. Kg2 a5 44. b5 Rd5 45. Rb2 Rb7 46.
b6 Rd6 47. Rcb3 Rc6 48. Rb5 a4 49. R5b4 Rd6 50. h4 Kg6 51. Rxa4 Rdxb6 52. Rab4
Rxb4 53. axb4 Rb5 54. Kf2 Kf5 55. Ke3 Ke5 56. Kd3 Kd5 57. Kc3 Kc6 58. Re2 Rb7
59. Kc4 Rc7 60. Re6+ Kb7+ 61. Kd4 Rf7 62. Ke4 Kc8 63. b5 Kb8 64. f4 Kc8 65. Kf3
Kb8 66. Kg4 Kc8 67. Kh5 Rb7 68. Kg6 Kd7 69. Ra6 Rxb5 70. Kxg7 h5 71. Rg6 Ke7
72. Rg5 Rb3 73. Kg6 1-0

[Event "Regency Masters 3rd"]
[Site "Ramsgate"]
[Date "1981.12.12"]
[Round "8.16"]
[White "Da Cunha, Marcos Paolozzi"]
[Black "Patrick, David I"]
[Result "1-0"]
[WhiteElo "2325"]
[BlackElo "2275"]
[PlyCount "67"]
[EventDate "1981.12.05"]
[EventType "swiss"]
[EventRounds "9"]
[EventCountry "ENG"]
[SourceVersionDate "2021.08.26"]

1. e4 c6 2. d4 d5 3. Nd2 dxe4 4. Nxe4 Nf6 5. Nxf6+ gxf6 6. Be2 Na6 7. Bf3 Bf5
8. a3 Qa5+ 9. c3 e5 10. Ne2 O-O-O 11. O-O Qb5 12. b4 Nc7 13. Qb3 Bd3 14. Re1
Ne6 15. dxe5 fxe5 16. Be3 Kb8 17. Nc1 Qc4 18. Qb2 Rg8 19. Nxd3 Rxd3 20. Be4 Rd8
21. Qa2 Qxa2 22. Rxa2 h6 23. Kf1 Bg7 24. a4 Nc7 25. c4 Ne6 26. b5 cxb5 27. axb5
Nd4 28. Rea1 Kc7 29. Rxa7 Rb8 30. Bxd4 exd4 31. c5 d3 32. Rd1 Bd4 33. b6+ Kc8
34. Rxd3 1-0

[Event "Regency Masters 3rd"]
[Site "Ramsgate"]
[Date "1981.12.12"]
[Round "8.17"]
[White "Fischdick, Gisela"]
[Black "Bohm, Hans"]
[Result "0-1"]
[WhiteElo "2220"]
[BlackElo "2390"]
[PlyCount "136"]
[EventDate "1981.12.05"]
[EventType "swiss"]
[EventRounds "9"]
[EventCountry "ENG"]
[SourceVersionDate "2021.08.26"]

1. e4 Nf6 2. Nc3 d5 3. e5 d4 4. exf6 dxc3 5. fxg7 cxd2+ 6. Qxd2 Qxd2+ 7. Bxd2
Bxg7 8. O-O-O Nc6 9. Bb5 Bd7 10. Nf3 a6 11. Be2 Bf5 12. a3 O-O-O 13. Be3 Bf6
14. h3 h5 15. Rxd8+ Nxd8 16. Nd4 Be4 17. f3 Bg6 18. Rd1 h4 19. Bf1 Rh5 20. c3
Re5 21. Bf4 Rd5 22. Nc2 Rh5 23. Nb4 c6 24. Be3 Ne6 25. Nd3 a5 26. Re1 Rf5 27.
Nf2 Nc5 28. Bxc5 Rxc5 29. Bd3 Bxd3 30. Nxd3 Rg5 31. Re2 a4 32. Ne1 b5 33. Re4
Rd5 34. Kc2 Kd7 35. Nd3 Kd6 36. Re2 Rg5 37. Nf2 Re5 38. Rd2+ Ke6 39. Ne4 Bg7
40. Rf2 (40. g4 $142) 40... Kf5 41. Rd2 Kf4 42. Nf2 Kg3 43. Ne4+ Kh2 44. g3+
Kxh3 45. gxh4 f5 46. Ng5+ Kxh4 47. Rg2 Bf6 48. f4 Re3 49. Nh7 Kh3 50. Rg6 Re2+
51. Kc1 Bh4 52. Rxc6 Bg3 53. Rc5 Bxf4+ 54. Kd1 Re5 55. Ng5+ Kg2 56. Rxe5 Bxe5
57. Ke2 Kg3 58. Ne6 f4 59. Ng5 Bf6 60. Ne6 Be5 61. Ng5 Kg2 62. Nf3 Bf6 63. Ne1+
Kg3 64. Nd3 e5 65. Nf2 Kg2 66. Ne4 f3+ 67. Ke3 Bh4 68. Nd2 Bg5+ 0-1

[Event "Regency Masters 3rd"]
[Site "Ramsgate"]
[Date "1981.12.12"]
[Round "8.18"]
[White "De Boer, Gert Jan"]
[Black "Iskov, Gert"]
[Result "1-0"]
[WhiteElo "2270"]
[BlackElo "2420"]
[PlyCount "61"]
[EventDate "1981.12.05"]
[EventType "swiss"]
[EventRounds "9"]
[EventCountry "ENG"]
[SourceVersionDate "2021.08.26"]

1. c4 g6 2. Nc3 Bg7 3. d4 d6 4. Nf3 Nf6 5. e4 O-O 6. Be2 e5 7. Be3 Qe7 8. d5
Ng4 9. Bg5 f6 10. Bh4 Qe8 11. Nd2 h5 12. h3 Nh6 13. f3 a5 14. Bf2 Na6 15. a3
Bd7 16. b3 Nf7 17. Rb1 Bh6 18. b4 axb4 19. axb4 Qe7 20. O-O f5 21. Qc2 Kh8 22.
Rfd1 Bxd2 $2 23. Rxd2 f4 24. c5 Ng5 25. c6 $18 Bxh3 26. cxb7 Rab8 27. Qd1 $1 (
27. Bxa6 Nxf3+ 28. Kh1 $1 $18) 27... Rxb7 28. Bxa6 Rbb8 29. gxh3 Nxh3+ 30. Kg2
Ng5 31. Bh4 1-0

[Event "Regency Masters 3rd"]
[Site "Ramsgate"]
[Date "1981.12.12"]
[Round "8.19"]
[White "Formanek, Edward W"]
[Black "Hanreck, Alan E"]
[Result "0-1"]
[WhiteElo "2370"]
[BlackElo "2275"]
[PlyCount "102"]
[EventDate "1981.12.05"]
[EventType "swiss"]
[EventRounds "9"]
[EventCountry "ENG"]
[SourceVersionDate "2021.08.26"]

1. e4 c5 2. Nf3 d6 3. d4 cxd4 4. Nxd4 Nf6 5. Nc3 a6 6. Be2 e5 7. Nb3 Be7 8. Be3
O-O 9. O-O Be6 10. a4 Nbd7 11. a5 Rc8 12. f3 Nh5 13. Rf2 g6 14. Bh6 Re8 15. Qd2
Nf4 16. Bf1 g5 17. g3 Ng6 18. Nd5 f6 19. f4 exf4 20. gxf4 gxf4 21. Nxf4 (21.
Nd4 $16) 21... Nxf4 22. Qxf4 Ne5 23. Nd4 Bf7 24. Nf5 (24. Bh3 $16) 24... d5 25.
exd5 $2 (25. Qg3+ Bg6 26. Nxe7+ Qxe7 27. exd5 $16) 25... Bc5 26. d6 Ng6 27. Qg3
Be6 28. Bd3 Bxf2+ (28... Kh8) 29. Kxf2 Qd7 30. Nh4 Bf7 $2 31. Bf5 $2 (31. Nxg6
hxg6 32. Bxg6 Bxg6 (32... Kh8 33. Bg7+ $1 Kxg7 34. Bf5+ $18) 33. Qxg6+ Kh8 34.
Ra4 $3 $18) 31... Qb5 32. Be3 Qxb2 33. Re1 Rxc2+ 34. Bxc2 Qxc2+ 35. Re2 Qc6 36.
Rd2 Qd7 37. Rc2 Rd8 38. Bb6 Qxd6 $2 39. Bxd8 $2 (39. Qxd6 Rxd6 40. Rc8+ Nf8 41.
Bc5 $18) 39... Qxd8 $2 (39... Qd4+ $1 $11) 40. Nxg6 $2 (40. Qg4 $1 $18) 40...
Bxg6 41. Qg4 Kg7 42. Rb2 Qc7 43. Qg3 Qd7 44. Qf4 Qc6 45. Rb6 Qc5+ 46. Kg2 Qe7
47. Kf2 Qc5+ 48. Kg3 Qe7 $11 49. Rb2 $4 Qa3+ 50. Kh4 Qxb2 51. Qc7+ Bf7 0-1

[Event "Regency Masters 3rd"]
[Site "Ramsgate"]
[Date "1981.12.12"]
[Round "8.20"]
[White "Friedgood, David"]
[Black "Nokes, Roger I"]
[Result "1-0"]
[WhiteElo "2315"]
[BlackElo "2315"]
[PlyCount "59"]
[EventDate "1981.12.05"]
[EventType "swiss"]
[EventRounds "9"]
[EventCountry "ENG"]
[SourceVersionDate "2021.08.26"]

1. c4 e6 2. Nf3 d5 3. b3 Nf6 4. g3 Be7 5. Bg2 O-O 6. O-O c5 7. Bb2 Nc6 8. e3 b6
9. Qe2 Bb7 10. Rd1 Qc7 11. Nc3 Rad8 12. cxd5 exd5 13. d4 Rfe8 14. Rac1 Qb8 15.
dxc5 d4 $6 $146 16. exd4 bxc5 17. dxc5 Bxc5 18. Rxd8 Qxd8 $2 19. Qb5 $1 $18
Bxf2+ 20. Kxf2 Ne5 21. Rd1 Qa8 22. Nxe5 Bxg2 23. Ne2 Bh3 24. Qc6 Qb8 25. Nf4
Bf5 26. Kg1 Be4 27. Qd6 Qb5 28. Qc7 h6 29. Qxf7+ Kh7 30. Nd7 1-0

[Event "Regency Masters 3rd"]
[Site "Ramsgate"]
[Date "1981.12.12"]
[Round "8.21"]
[White "Conquest, Stuart"]
[Black "Van Parreren, Hanneke"]
[Result "1-0"]
[WhiteElo "2220"]
[BlackElo "2040"]
[PlyCount "49"]
[EventDate "1981.12.05"]
[EventType "swiss"]
[EventRounds "9"]
[EventCountry "ENG"]
[SourceVersionDate "2021.08.26"]

1. d4 d6 2. e4 Nf6 3. Nc3 g6 4. Bc4 Bg7 5. Qe2 Nc6 6. e5 Ng4 7. e6 f5 8. d5 Nb8
$2 (8... Nd4 9. Qd1 c5) 9. h3 Nf6 10. a4 c6 11. Bd2 b6 12. Nf3 Bb7 13. g4 $16
fxg4 14. hxg4 Nxd5 $2 (14... O-O 15. O-O-O $16) 15. Nxd5 (15. O-O-O {or 15
Ng5+-}) 15... cxd5 16. Bb5+ Bc6 (16... Nc6) 17. Ng5 Qc8 18. Nf7 Rg8 (18... O-O
19. Bh6) 19. Rxh7 Bxb5 20. Qxb5+ Qc6 21. Qd3 Bxb2 22. c3 Qc4 (22... Bxa1 23.
Qxg6 $1 $18) 23. Qxg6 Qe4+ 24. Qxe4 dxe4 25. Ra2 1-0

[Event "Regency Masters 3rd"]
[Site "Ramsgate"]
[Date "1981.12.13"]
[Round "9.1"]
[White "Fedorowicz, John P"]
[Black "Hebden, Mark L"]
[Result "1-0"]
[WhiteElo "2465"]
[BlackElo "2315"]
[PlyCount "55"]
[EventDate "1981.12.05"]
[EventType "swiss"]
[EventRounds "9"]
[EventCountry "ENG"]
[SourceVersionDate "2021.08.26"]

1. c4 c5 2. Nf3 Nf6 3. Nc3 g6 4. d4 Bg7 5. e4 O-O 6. Be2 d6 7. O-O Bg4 8. d5 b5
$6 9. cxb5 a6 10. a4 axb5 11. Bxb5 Na6 12. h3 Bxf3 13. Qxf3 Nb4 14. Qe2 Ne8 (
14... Qc7 15. Na2 Nxa2 16. Rxa2 Rfb8 17. Ra3 {Zpevak,P (2357)-Demeter,P (2190),
Banska Stiavnica 2016 (½-½, 47)}) 15. Bf4 Nc7 16. Bc4 e6 17. Qd2 exd5 18.
exd5 Re8 19. Rfe1 $16 Qf6 20. Bg3 Rxe1+ 21. Rxe1 Qd4 22. Qxd4 cxd4 23. Nb5
Ncxd5 24. Bxd6 d3 25. b3 Rd8 26. Rd1 Nc3 27. Nxc3 Rxd6 28. Nd5 1-0

[Event "Regency Masters 3rd"]
[Site "Ramsgate"]
[Date "1981.12.13"]
[Round "9.2"]
[White "Miles, Anthony John"]
[Black "King, Daniel J"]
[Result "1/2-1/2"]
[WhiteElo "2565"]
[BlackElo "2320"]
[PlyCount "95"]
[EventDate "1981.12.05"]
[EventType "swiss"]
[EventRounds "9"]
[EventCountry "ENG"]
[SourceVersionDate "2021.08.26"]

1. g3 Nf6 2. Bg2 c5 3. e4 Nc6 4. Ne2 e6 5. O-O Be7 6. d4 cxd4 7. Nxd4 d5 8.
exd5 exd5 9. c4 O-O 10. cxd5 Nxd5 11. Nc3 Nxc3 12. bxc3 Nxd4 13. cxd4 Rb8 14.
Be3 Bf5 15. Qa4 a6 16. Rac1 Bd6 17. Rfd1 Qd7 18. Qa5 Rfe8 19. Qb6 h5 20. d5
Rbc8 21. h4 Rxc1 22. Rxc1 Be4 23. Bxe4 Rxe4 24. Rb1 Qe7 25. Rb3 Rb4 26. Rxb4
Bxb4 27. Bg5 $2 Bc5 $1 28. Qb1 (28. Bxe7 Bxb6 29. Kg2 (29. d6 $2 Bc5 $1 $19)
29... f6 $17) 28... Qe5 $1 29. Qd3 Qe1+ 30. Kg2 Qxf2+ 31. Kh3 Bd6 (31... Qxa2
$1 32. Bf4 Qa1 33. Qf3 g6 $19) 32. a4 b5 33. axb5 axb5 34. Bf4 Bxf4 35. gxf4
Qxf4 36. Qxb5 Qg4+ 37. Kh2 Qxh4+ 38. Kg2 Qg4+ 39. Kh1 Qh3+ 40. Kg1 Qg3+ 41. Kh1
Qf3+ 42. Kh2 h4 43. Qb8+ Kh7 44. d6 g6 45. Qb4 Kg7 $2 (45... Qf2+ 46. Kh1 h3
47. Qb7 Kg7 48. d7 h2 49. Qg2 Qd4 $19) 46. Qd4+ Qf6 47. Qd2 Qe5+ 48. Kh1
1/2-1/2

[Event "Regency Masters 3rd"]
[Site "Ramsgate"]
[Date "1981.12.13"]
[Round "9.3"]
[White "Kovacevic, Vlatko"]
[Black "Hartoch, Robert G"]
[Result "1/2-1/2"]
[WhiteElo "2485"]
[BlackElo "2390"]
[PlyCount "70"]
[EventDate "1981.12.05"]
[EventType "swiss"]
[EventRounds "9"]
[EventCountry "ENG"]
[SourceVersionDate "2021.08.26"]

1. d4 g6 2. c3 Bg7 3. e4 d6 4. Bg5 Nf6 5. Nd2 h6 6. Bh4 O-O 7. Ngf3 Nc6 8. Bb5
Bd7 9. O-O Qe8 10. a4 a6 11. Bc4 e5 12. Re1 Nh5 13. dxe5 Nxe5 14. Bf1 Nf4 15.
Qc2 b5 16. axb5 axb5 17. Nxe5 Bxe5 18. Nf3 Bg7 19. Rxa8 Qxa8 20. Qd2 Ne6 21. e5
d5 22. Nd4 c6 23. b4 Qa7 24. Be7 Ra8 25. Nxe6 Bxe6 26. Bc5 Qa2 27. Qe3 Qc2 28.
Bd4 Bf5 29. h3 h5 30. e6 $5 Bxe6 31. Bd3 $6 Bxd4 32. Qxd4 Qd2 33. Re3 Ra3 34.
Qf4 $6 Qxc3 35. Kh2 $1 Qxd3 $2 (35... Qg7 $5 $17) 1/2-1/2

[Event "Regency Masters 3rd"]
[Site "Ramsgate"]
[Date "1981.12.13"]
[Round "9.4"]
[White "Regan, Kenneth"]
[Black "Hodgson, Julian M"]
[Result "1-0"]
[WhiteElo "2405"]
[BlackElo "2370"]
[PlyCount "55"]
[EventDate "1981.12.05"]
[EventType "swiss"]
[EventRounds "9"]
[EventCountry "ENG"]
[SourceVersionDate "2021.08.26"]

1. e4 c6 2. Nc3 d5 3. Qf3 dxe4 4. Nxe4 Nf6 5. Nxf6+ gxf6 6. Ne2 Na6 7. a3 Rg8
8. h3 Qd5 9. Qxd5 cxd5 10. g4 $14 Bd7 11. Nf4 Nc7 12. d4 O-O-O 13. Bd3 Bh6 14.
Nh5 Bxc1 15. Rxc1 h6 16. Kd2 Ne6 17. Rce1 Rde8 18. c3 Nc7 19. Re3 Kd8 20. Rhe1
Nb5 21. f4 f5 $1 22. gxf5 f6 23. c4 Nxd4 24. cxd5 Bxf5 $4 (24... Nxf5 $11) 25.
d6 $1 $18 exd6 (25... Rg2+ 26. Kc3 Bxd3 27. dxe7+ Rxe7 28. Rxe7 Be2 29. Rxb7
$18) 26. Rxe8+ Rxe8 27. Rxe8+ Kxe8 28. Ng7+ 1-0

[Event "Regency Masters 3rd"]
[Site "Ramsgate"]
[Date "1981.12.13"]
[Round "9.5"]
[White "Britton, Richard L"]
[Black "Nunn, John DM"]
[Result "0-1"]
[WhiteElo "2295"]
[BlackElo "2580"]
[PlyCount "122"]
[EventDate "1981.12.05"]
[EventType "swiss"]
[EventRounds "9"]
[EventCountry "ENG"]
[SourceVersionDate "2021.08.26"]

1. e4 c5 2. Nf3 d6 3. d4 cxd4 4. Nxd4 Nf6 5. Nc3 a6 6. Be2 e5 7. Nb3 Be7 8. O-O
O-O 9. a4 Be6 10. f4 exf4 11. Bxf4 Nc6 12. Kh1 d5 13. e5 Nd7 14. Nxd5 Ndxe5 15.
Nxe7+ Qxe7 16. Nd4 Rfe8 (16... Rad8 17. Nxc6 Nxc6 18. Qe1 $11) 17. Nxc6 Nxc6
18. Bd3 Qc5 19. Qf3 Bd5 20. Qf2 Qxf2 21. Rxf2 Nb4 22. Bf1 Bc6 23. Bc4 Re4 24.
b3 Nxc2 25. Bxf7+ (25. Raf1 $13) 25... Kxf7 26. Bg3+ Kg6 27. Rxc2 Rd8 $15 28.
Kg1 Rd3 29. Rb2 Rb4 30. a5 (30. Rab1) 30... Rdxb3 31. Rxb3 Rxb3 32. Bf2 Rb2 33.
h3 h5 34. h4 (34. Rc1) 34... Kf5 35. Rc1 g6 36. Rc5+ Ke6 37. Rg5 Be4 38. Rc5 (
38. g4 hxg4 39. Rxg4 $11) 38... Ra2 39. Rg5 Bf5 40. Be1 Ke5 41. Rg3 Kd4 42.
Bf2+ Kc4 43. Bb6 Be4 44. Kh2 Kb4 45. Rg5 Bf5 46. Kg1 Be4 47. Kh2 (47. g4 $11)
47... Rc2 48. Kg3 Bf5 49. Kh2 Ka4 50. Kg1 Rc1+ 51. Kf2 (51. Kh2 Rb1 52. Bc7 Rf1
$15) 51... Rh1 52. g3 Kb4 53. Kg2 Rc1 54. g4 hxg4 55. Kh2 $2 (55. h5 $1 Be4+
56. Kg3 gxh5 57. Rxh5 Rc3+ 58. Kf4 Bf3 $13) 55... Rc3 56. h5 Rh3+ 57. Kg1 Rxh5
58. Rxh5 gxh5 59. Kf2 h4 60. Ke3 h3 61. Bc7 g3 0-1

[Event "Regency Masters 3rd"]
[Site "Ramsgate"]
[Date "1981.12.13"]
[Round "9.6"]
[White "Kuligowski, Adam"]
[Black "Kenworthy, Gary"]
[Result "1/2-1/2"]
[WhiteElo "2405"]
[BlackElo "2245"]
[PlyCount "58"]
[EventDate "1981.12.05"]
[EventType "swiss"]
[EventRounds "9"]
[EventCountry "ENG"]
[SourceVersionDate "2021.08.26"]

1. d4 Nf6 2. c4 e5 3. dxe5 Ne4 4. Qc2 Bb4+ 5. Nc3 d5 6. exd6 Bf5 7. Bd2 Nxd6 8.
Qb3 Nc6 9. e3 O-O (9... Qe7 10. Nf3 O-O-O 11. Be2 $14) 10. Nf3 Be6 11. a3 (11.
Be2 Rb8 12. Nd4 Nxd4 13. exd4 c5 14. d5 Bf5 15. O-O Re8 $16 {Berdichesky,
R-Retamar,G, Argentina corr 1989 (½-½, 40)}) 11... Ba5 12. Qa4 a6 13. b4 b5
14. Qc2 Bxb4 15. axb4 Nxb4 16. Qb1 (16. Qb2 $1 c5 17. cxb5 axb5 18. Rxa8 Qxa8
19. Be2 Nc4 20. Qc1 $16) 16... c5 17. cxb5 Bf5 $5 18. e4 Nxe4 19. Nxe4 Bxe4 20.
Qxe4 Re8 21. Qxe8+ $4 (21. Ne5 $1 $18 Rxe5 22. Qxe5 Nc2+ 23. Kd1 Nxa1 24. Qxa1
axb5 25. Qe5 Ra2 26. Bd3) 21... Qxe8+ 22. Kd1 Rd8 $2 (22... axb5 $1 23. Rxa8
Qxa8 24. Bxb4 Qa4+ 25. Kc1 Qxb4 $19) (22... Qe6 $1 $19) 23. Bc4 (23. bxa6)
23... axb5 24. Re1 Qd7 25. Bf1 c4 (25... g5 26. h3 h5 $19) 26. Kc1 Nd3+ (26...
Nc6) 27. Bxd3 Qxd3 28. Re3 Qf1+ 29. Be1 h6 (29... h6 30. Rb1 Rd5 $19) 1/2-1/2

[Event "Regency Masters 3rd"]
[Site "Ramsgate"]
[Date "1981.12.13"]
[Round "9.7"]
[White "Berg, Klaus"]
[Black "Taulbut, Shaun M"]
[Result "1/2-1/2"]
[WhiteElo "2295"]
[BlackElo "2420"]
[PlyCount "85"]
[EventDate "1981.12.05"]
[EventType "swiss"]
[EventRounds "9"]
[EventCountry "ENG"]
[SourceVersionDate "2021.08.26"]

1. d4 Nf6 2. c4 e6 3. Nc3 Bb4 4. e3 c5 5. Bd3 Nc6 6. Nge2 O-O 7. a3 cxd4 8.
exd4 Be7 9. O-O d5 10. cxd5 Nxd5 11. Bc2 Re8 12. Qd3 g6 13. Be3 Bd7 14. Nxd5
exd5 15. Bb3 Bf5 16. Qb5 Be4 17. Nc3 a6 18. Qe2 Bf6 19. Rfd1 Rc8 20. f3 Bf5 21.
Nxd5 Nxd4 22. Nxf6+ Qxf6 23. Bxd4 Qxd4+ 24. Rxd4 Rxe2 25. Rb4 b5 26. a4 bxa4
27. Bc4 a5 28. Rbxa4 Rxb2 29. Bf1 Rcc2 30. Rxa5 Be6 31. R5a4 Kg7 32. Rd4 Kf6
33. Rdd1 g5 34. Rab1 h5 35. Rxb2 Rxb2 36. Re1 h4 37. Re2 Rb1 38. Rc2 Bb3 39.
Rc3 Ba4 40. Kf2 Rb2+ 41. Ke3 h3 42. gxh3 Rxh2 43. f4 1/2-1/2

[Event "Regency Masters 3rd"]
[Site "Ramsgate"]
[Date "1981.12.13"]
[Round "9.8"]
[White "Cox, John J"]
[Black "Casa, Alex"]
[Result "1-0"]
[WhiteElo "2275"]
[BlackElo "2235"]
[PlyCount "69"]
[EventDate "1981.12.05"]
[EventType "swiss"]
[EventRounds "9"]
[EventCountry "ENG"]
[SourceVersionDate "2021.08.26"]

1. c4 Nf6 2. Nc3 g6 3. e4 d6 4. d4 Bg7 5. Nf3 O-O 6. Be2 e5 7. Be3 Ng4 8. Bg5
f6 9. Bh4 Qe8 10. d5 Nd7 11. Nd2 Nh6 12. f3 a6 13. Qc2 (13. b4 f5 14. Nb3 Nf6
15. O-O) 13... Nf7 14. Bf2 Bh6 15. O-O f5 16. b4 Nf6 17. c5 Bd7 18. Nc4 Qe7 19.
c6 $6 bxc6 20. dxc6 Bxc6 21. exf5 gxf5 22. Qxf5 Bd7 (22... Ng5 $5 $44) 23. Qc2
Be6 24. Ne3 d5 25. Nf5 Qxb4 $2 (25... Bxf5 26. Qxf5 Kh8 $44) 26. Nxh6+ Nxh6 27.
Bd3 $16 c5 28. Rab1 Qa5 29. Bxh7+ Kh8 30. Qg6 Nf5 $2 (30... Qc7 $5) 31. Nxd5 $1
$18 Bxd5 32. Qxf5 Nxh7 33. Qxe5+ Nf6 34. Bh4 Qd8 35. Rfd1 1-0